[Event "Thompson Memorial op U1600"]
[Site "Dallas"]
[Date "2001.09.16"]
[Round "5"]
[White "Harry, Mason Roy"]
[Black "Tucker, William"]
[Result "0-1"]
[WhiteElo "1465"]
[BlackElo "1559"]
[PlyCount "152"]
[EventDate "2001.09.14"]
[EventType "swiss"]
[EventRounds "5"]
[EventCountry "USA"]
[SourceTitle "EXT 2005"]
[Source "ChessBase"]
[SourceDate "2004.11.15"]
[SourceVersion "1"]
[SourceVersionDate "2004.11.15"]
[SourceQuality "1"]

1. e4 d6 2. d4 Nf6 3. Nc3 g6 4. Bc4 Bg7 5. f4 0-0 6. Nf3 Bg4 7. h3 Be6 8. Bxe6 fxe6 9. g4 Nc6 10. Qd2 d5 11. exd5 exd5 12. Ng5 Nxd4 13. Qd3 c5 14. Ne2 Nxe2 15. Qxe2 Qd6 16. Bd2 Ne4 17. Nxe4 dxe4 18. 0-0-0 Qb6 19. Qc4+ Kh8 20. Bc3 Rxf4 21. Bxg7+ Kxg7 22. Rhf1 Qf6 23. Rfe1 Qf7 24. Qxc5 Qxa2 25. Qxe7+ Rf7 26. Qe5+ Kg8 27. b3 Qa3+ 28. Kb1 Qe7 29. Qxe4 Qxe4 30. Rxe4 Kf8 31. Kb2 Re8 32. Red4 g5 33. Rd5 h6 34. Rd6 Kg7 35. Ra1 a6 36. Rh1 Re2 37. h4 Rc7 38. Ka3 Rexc2 39. hxg5 hxg5 40. Rh5 R2c5 41. b4 Rb5 42. Rh3 a5 43. bxa5 Rxa5+ 44. Kb4 Rac5 45. Rd4 Kf6 46. Rhd3 Ke5 47. Rd2 b5 48. Rd7 Rxd7 49. Rxd7 Rd5 50. Rg7 Kf4 51. Rf7+ Kxg4 52. Rf1 Kg3 53. Rg1+ Kf2 54. Rg4 Rf5 55. Kc3 Kf3 56. Rg1 g4 57. Rf1+ Ke4 58. Re1+ Kf4 59. Rf1+ Kg5 60. Rg1 Kh4 61. Kd4 g3 62. Rh1+ Kg4 63. Rg1 Kh3 64. Ke3 Rf7 65. Rh1+ Kg2 66. Rh4 Kf1 67. Rh1+ Kg2 68. Rh4 Kg1 69. Ke2 g2 70. Rh6 Rf2+ 71. Ke1 b4 72. Rh3 Rb2 73. Rh4 b3 74. Rh3 Rb1+ 75. Kd2 Kf2 76. Rh2 Kg3 0-1